Equipes de Top 14 ayant participer aux Barrages depuis 2010 - Statistiques

Statistiques générales
  • Ce quiz a été pris 120 fois
    77 depuis la dernière actualisation
  • Le résultat moyen est 11 sur 13
Statistiques - réponses
Participations Equipes % Correct
10 ASM Clermont-Auvergne
97%
10 Stade Toulousain
97%
8 Castres Olympique
96%
8 RC Toulon
94%
2 LOU Rugby
93%
2 Stade Français
93%
11 Racing 92
91%
3 Stade Rochelais
90%
1 Biarritz Olympique
85%
1 USA Perpignan
85%
1 US Oyonnax
68%
1 Union Bordeaux-Bègles
56%
8 Montpellier HR
51%
Aucun quiz correspondant
Distribution des résultats
% des personnes avec chaque résultat
Percentile par nombre de réponses
Votre historique - résultats
Vous n’avez pas pris ce quiz depuis la dernière actualisation